header

Is Asia prepared for an aging population? (Record no. 102712)

MARC details
000 -LEADER
fixed length control field 01152nam a2200289Ia 4500
100 1# - MAIN ENTRY--AUTHOR NAME
Personal name Heller, Peter S.
245 10 - TITLE STATEMENT
Title Is Asia prepared for an aging population?
260 ## - PUBLICATION, DISTRIBUTION, ETC. (IMPRINT)
Place of publication [Washington, D.C.] :
Name of publisher International Monetary Fund,
Year of publication 2006.
300 ## - PHYSICAL DESCRIPTION
Number of Pages 33 p.
490 1# - SERIES STATEMENT
Series statement IMF working paper ;
500 ## - GENERAL NOTE
General note "December 2006."
650 #0 - SUBJECT ADDED ENTRY--TOPICAL TERM
Topical Term Population aging
Topical Term Age distribution (Demography)
856 40 - ELECTRONIC LOCATION AND ACCESS
Uniform Resource Identifier http://site.ebrary.com/lib/rucke/Doc?id=10380705

No items available.

© 2026 Rongo University
Contact us: librarian | system librarian | Rongo university